000 00741nam a2200253Ia 4500
003 OSt
005 20220926000436.0
006 a|||||r|||| 00| 0
007 ta
008 220923b |||||||| |||| 00| 0 eng d
037 _cGeneral Book
040 _aRTL
_cRTL
_beng
041 _2eng
_aeng
082 _aV2 , 8, M0
100 _aVerma S P
_981866
245 0 _aManaging public personnel systems
_b A comparative p
260 _a New Delhi
_bIIPA
_c1980
300 _ax, 167p
_ccm.
490 _aIndian Institute of Public administration, Publication
650 _aBureacracy India
700 _a Sharma S K
_9119927
942 _hV2 , 8, M0
_cGB
_2CC
999 _c599050
_d599050